| 000 | 00581nam a22002177a 4500 | ||
|---|---|---|---|
| 999 |
_c6477 _d6477 |
||
| 001 | 6477 | ||
| 003 | BD-JhCC | ||
| 005 | 20180123183016.0 | ||
| 008 | 180123s2007 bg |||| |||| 00| 0 eng d | ||
| 035 | _a(BD-JhCC)6477 | ||
| 040 |
_aBD-JhCC _dBD-JhCC |
||
| 041 | _aeng | ||
| 082 |
_a428.24 _bAHM 2007 |
||
| 100 | _aAhmed, A. S. Matlub | ||
| 245 |
_aModern Functional English _bWritten and Spoken / _cA. S. Matlub Ahmed |
||
| 260 |
_aDhaka : _bChowdhury Printing, _c2007. |
||
| 300 |
_a520 p. : _c22 cm. |
||
| 650 |
_aEnglish Language _xGrammar |
||
| 942 |
_2ddc _cBK |
||